[Event "46th Eastern Open 2019"]
[Site "Tysons USA"]
[Date "2019.12.29"]
[Round "5.15"]
[White "Rehle, T."]
[Black "Xu, Jonathan"]
[Result "1-0"]
[WhiteElo "1910"]
[BlackElo "1825"]
[PlyCount "123"]
[EventDate "2019.12.27"]
[EventType "swiss"]
[EventRounds "7"]
[EventCountry "USA"]
[SourceTitle "OM OTB B 201907"]
[Source "Opening Master"]
[SourceDate "2019.07.06"]
[SourceVersion "2"]
[SourceVersionDate "2019.07.06"]
[SourceQuality "1"]

1. e4 c5 2. Nf3 d6 3. d4 cxd4 4. Nxd4 Nf6 5. Nc3 Nc6 6. Be2 e5 7. Nb3 Be7 8.
Be3 O-O 9. O-O a5 10. a3 Be6 11. Rc1 a4 12. Nd2 Nd4 13. Bc4 Qa5 14. Bxe6 fxe6
15. Ne2 Nc6 16. Ng3 d5 17. exd5 exd5 18. c4 Rad8 19. Qe2 h6 20. cxd5 Nxd5 21.
Nc4 Qb5 22. Bd2 Nd4 23. Qg4 Nf6 24. Qg6 Ne8 25. Be3 Rf6 26. Qe4 Nd6 27. Nxd6
Bxd6 28. Bxd4 exd4 29. Qxd4 Be7 30. Qc4+ Qxc4 31. Rxc4 b5 32. Rc2 Re6 33. f3
Rd4 34. Nf5 Rd5 35. Nxe7+ Rxe7 36. Kf2 Rd3 37. Re1 Red7 38. Re5 Rb7 39. Re4 Kf7
40. Rb4 Rd5 41. h4 Re7 42. Re2 Rc7 43. g4 Kf6 44. Kg3 Rcc5 45. Rf4+ Kg6 46. h5+
Kh7 47. Rf8 Re5 48. Rxe5 Rxe5 49. Rb8 Rd5 50. Kf4 Rd4+ 51. Ke3 Rd5 52. Ke4 Rc5
53. f4 Rc4+ 54. Ke5 Rc5+ 55. Kd6 Rc4 56. Rxb5 Rxf4 57. Rb4 Rf2 58. Kc5 Rg2 59.
Kb5 g6 60. hxg6+ Kxg6 61. Kxa4 Kg5 62. Kb5 1-0

[Event "20th Litomysl Open"]
[Site "Litomysl CZE"]
[Date "2019.12.28"]
[Round "4"]
[White "Svanda, Ondrej"]
[Black "Starosciak, Szymon"]
[Result "1/2-1/2"]
[WhiteElo "2258"]
[BlackElo "1729"]
[PlyCount "64"]
[EventDate "2019.12.26"]
[EventType "swiss"]
[EventRounds "9"]
[EventCountry "CZE"]
[SourceTitle "OM OTB B 201907"]
[Source "Opening Master"]
[SourceDate "2019.07.06"]
[SourceVersion "2"]
[SourceVersionDate "2019.07.06"]
[SourceQuality "1"]

1. e4 c5 2. Nf3 Nc6 3. Nc3 d6 4. d4 cxd4 5. Nxd4 Nf6 6. Be2 e5 7. Nf3 h6 8. O-O
Be7 9. Re1 O-O 10. h3 Be6 11. Bf1 Rc8 12. Nd5 Bxd5 13. exd5 Nb8 14. c4 Nbd7 15.
b4 Qc7 16. Bb2 Qb8 17. Rc1 a5 18. a3 Qa7 19. Nd4 Bd8 20. Nb5 Qb6 21. Rc3 Ne8
22. Bc1 Bf6 23. Be3 Qd8 24. c5 axb4 25. axb4 dxc5 26. bxc5 Bg5 27. c6 bxc6 28.
dxc6 Nb8 29. Qxd8 Bxd8 30. Bc5 Ba5 31. Bxf8 Kxf8 32. Rxe5 Nxc6 1/2-1/2

[Event "Bhopal International Open"]
[Site "Bhopal IND"]
[Date "2019.12.26"]
[Round "8.5"]
[White "Lund, Rachit"]
[Black "Venkatesh, M."]
[Result "0-1"]
[WhiteElo "1625"]
[BlackElo "2491"]
[PlyCount "62"]
[EventDate "2019.12.21"]
[EventType "swiss"]
[EventRounds "10"]
[EventCountry "IND"]
[SourceTitle "OM OTB B 201907"]
[Source "Opening Master"]
[SourceDate "2019.07.06"]
[SourceVersion "2"]
[SourceVersionDate "2019.07.06"]
[SourceQuality "1"]

1. e4 c5 2. Nf3 Nc6 3. d4 cxd4 4. Nxd4 Nf6 5. Nc3 d6 6. Be2 e5 7. Nb3 Be7 8.
O-O O-O 9. Kh1 a5 10. a4 Nb4 11. f4 Be6 12. Be3 Rc8 13. Bf3 d5 14. fxe5 Nxe4
15. Bxe4 dxe4 16. Nd4 Bc4 17. Rf2 Nc6 18. Nxc6 Rxc6 19. Nxe4 Qc7 20. Nd6 Bxd6
21. exd6 Rxd6 22. Qh5 Re8 23. Bf4 Qb6 24. Bg3 Rg6 25. Qh4 Bd5 26. Raf1 h6 27.
b3 Qxf2 28. Bxf2 Rxg2 29. Qd4 Bc6 30. h3 Rxf2+ 31. Kg1 Rg2+ 0-1

[Event "29th TCh-SLO National"]
[Site "Slovenia SLO"]
[Date "2019.12.21"]
[Round "8.4"]
[White "Rozman, Monika"]
[Black "Skuhala, Jernej"]
[Result "1/2-1/2"]
[WhiteElo "2122"]
[BlackElo "2261"]
[PlyCount "83"]
[EventDate "2019.09.06"]
[EventType "team"]
[EventRounds "9"]
[EventCountry "SLO"]
[SourceTitle "OM OTB B 201907"]
[Source "Opening Master"]
[SourceDate "2019.07.06"]
[SourceVersion "2"]
[SourceVersionDate "2019.07.06"]
[SourceQuality "1"]
[WhiteTeam "SS TZ Prevodi Dvojka"]
[BlackTeam "SD Radenska Pomgrad Murska Sobota"]

1. e4 c5 2. Nf3 d6 3. d4 cxd4 4. Nxd4 Nf6 5. Nc3 Nc6 6. Be2 e5 7. Nb3 Be7 8.
O-O O-O 9. Bg5 Nxe4 10. Nxe4 Bxg5 11. Nxd6 Qe7 12. Bd3 f5 13. Re1 Be6 14. Nb5
e4 15. N5d4 Ne5 16. Nxe6 Qxe6 17. Bf1 Rfd8 18. Nd4 Qf6 19. c3 Kh8 20. Qb3 e3
21. fxe3 Qg6 22. Qxb7 Ng4 23. Nf3 Qh6 24. g3 Bxe3+ 25. Kg2 Bb6 26. Re2 Rab8 27.
Qe7 Ne3+ 28. Kh1 Re8 29. Qd7 Rbd8 30. Qb5 a6 31. Qxa6 Ng4 32. Nd4 Ra8 33. Rae1
Qg6 34. Qxb6 Rxe2 35. Qxg6 Rxh2+ 36. Kg1 hxg6 37. Be2 Rh3 38. Kg2 Rh2+ 39. Kg1
Rh3 40. Kg2 Rh2+ 41. Kg1 Rh3 42. Kg2 1/2-1/2

[Event "57th ch-IND 2019"]
[Site "Majitar IND"]
[Date "2019.12.18"]
[Round "10.10"]
[White "Bharat, Kumar Reddy Poluri"]
[Black "Gupta, Ab"]
[Result "1/2-1/2"]
[WhiteElo "2337"]
[BlackElo "2611"]
[PlyCount "146"]
[EventDate "2019.12.10"]
[EventType "swiss"]
[EventRounds "11"]
[EventCountry "IND"]
[SourceTitle "OM OTB B 201907"]
[Source "Opening Master"]
[SourceDate "2019.07.06"]
[SourceVersion "2"]
[SourceVersionDate "2019.07.06"]
[SourceQuality "1"]

1. e4 c5 2. Nf3 d6 3. d4 cxd4 4. Nxd4 Nf6 5. Nc3 Nc6 6. Be2 e5 7. Nb3 Be7 8.
O-O O-O 9. Bf3 a5 10. a4 Nb4 11. Re1 Be6 12. Nb5 h6 13. Re2 Qc8 14. c3 Nd3 15.
Be3 Bxb3 16. Qxb3 d5 17. exd5 e4 18. Bxe4 Nxe4 19. Qc2 Qc4 20. Rd1 Nexf2 21.
Bxf2 Nxf2 22. Rd4 Qc5 23. Rxf2 Bg5 24. Rf3 Rae8 25. Kf1 Re5 26. d6 Bd8 27. d7
Qe7 28. Qd1 Re6 29. Nd6 Bb6 30. Nc8 Qd8 31. Rd6 Bc7 32. Rxe6 fxe6 33. Rxf8+
Qxf8+ 34. Ke2 Qd8 35. g3 Qg5 36. Qd4 Kh8 37. Qe4 Qh5+ 38. Qf3 Qxh2+ 39. Kd3
Qxb2 40. Qf8+ Kh7 41. d8=Q Qb1+ 42. Ke2 Qe4+ 43. Kf2 Qc2+ 44. Ke3 Bxd8 45. Qxd8
Qc1+ 46. Ke2 Qc2+ 47. Qd2 Qxa4 48. Qd3+ g6 49. Nd6 Qd7 50. c4 a4 51. c5 h5 52.
Qc4 e5 53. Qb4 Kg7 54. Ke3 g5 55. Qb2 Kf6 56. Ne4+ Ke6 57. Qb6+ Qc6 58. Qd8 a3
59. Qxg5 Qa6 60. Qg8+ Ke7 61. Qg7+ Ke6 62. Qf6+ Kd7 63. Qf7+ Kc6 64. Qe8+ Kd5
65. Qf7+ Kc6 66. Qe8+ Kd5 67. Qd7+ Kc4 68. Qd3+ Kb4 69. Qc3+ Kb5 70. Qb3+ Kc6
71. Qa2 Kb5 72. Qb3+ Kc6 73. Qe6+ Kb5 1/2-1/2

[Event "6th Arica Open 2019"]
[Site "Arica CHI"]
[Date "2019.12.16"]
[Round "3.3"]
[White "Lujan, C."]
[Black "Martinez Alcantara, Jose Eduardo"]
[Result "0-1"]
[WhiteElo "2338"]
[BlackElo "2592"]
[PlyCount "108"]
[EventDate "2019.12.15"]
[EventType "swiss"]
[EventRounds "10"]
[EventCountry "CHI"]
[SourceTitle "OM OTB B 201907"]
[Source "Opening Master"]
[SourceDate "2019.07.06"]
[SourceVersion "2"]
[SourceVersionDate "2019.07.06"]
[SourceQuality "1"]

1. e4 c5 2. Nf3 d6 3. d4 cxd4 4. Nxd4 Nf6 5. Nc3 Nc6 6. Be2 e5 7. Nf3 h6 8. O-O
Be7 9. Nd2 Be6 10. Nc4 O-O 11. Ne3 Qd7 12. Bd3 Bd8 13. Ncd5 Bxd5 14. exd5 Ne7
15. Qf3 Bb6 16. Nf5 e4 17. Nxe7+ Qxe7 18. Qe2 Qe5 19. Bc4 Rac8 20. Bb3 Nxd5 21.
Bxd5 Qxd5 22. Bf4 Qf5 23. Bxd6 Rfd8 24. Rad1 e3 25. Rd3 exf2+ 26. Kh1 Re8 27.
Qd1 Qe4 28. Bg3 Rc6 29. Bxf2 Bxf2 30. Rxf2 Rxc2 31. Kg1 Qe1+ 32. Rf1 Qxd1 33.
Rfxd1 Ree2 34. Rg3 Rxb2 35. a3 g6 36. h3 Re7 37. Rf3 Ra2 38. Kh1 h5 39. Rc1 Kg7
40. Rb1 b6 41. Rd1 Kh6 42. h4 Kg7 43. Kh2 Rae2 44. Rdd3 R2e4 45. Kh3 Rg4 46. g3
Rc4 47. Rf2 Rc6 48. g4 hxg4+ 49. Kxg4 Rc4+ 50. Kg3 Ree4 51. Rd7 Rg4+ 52. Kf3
Rgf4+ 53. Ke3 Rxf2 54. Kxf2 Ra4 0-1

[Event "Israeli Open 2019"]
[Site "Jerusalem ISR"]
[Date "2019.12.13"]
[Round "2.4"]
[White "Tsyn, Igor"]
[Black "Flom, Gabriel"]
[Result "0-1"]
[WhiteElo "2154"]
[BlackElo "2506"]
[PlyCount "119"]
[EventDate "2019.12.12"]
[EventType "swiss"]
[EventRounds "9"]
[EventCountry "ISR"]
[SourceTitle "OM OTB B 201907"]
[Source "Opening Master"]
[SourceDate "2019.07.06"]
[SourceVersion "2"]
[SourceVersionDate "2019.07.06"]
[SourceQuality "1"]

1. e4 c5 2. Nf3 d6 3. d4 cxd4 4. Nxd4 Nf6 5. Nc3 Nc6 6. Be2 e5 7. Nf3 Be7 8.
O-O O-O 9. Re1 Be6 10. Ng5 Bd7 11. Nf3 Rc8 12. Bg5 Be6 13. Bf1 Qb6 14. Na4 Qa5
15. c4 Nd4 16. Nxd4 exd4 17. Bd2 Qc7 18. b3 Ng4 19. f4 f5 20. Bd3 Ne3 21. Bxe3
dxe3 22. exf5 Bf7 23. Be4 Bf6 24. Rc1 Rfe8 25. Bd5 Qa5 26. Bxf7+ Kxf7 27. Qd3
Qd2 28. Rcd1 Qf2+ 29. Kh1 e2 30. Rb1 Qxf4 31. Rxe2 Rxe2 32. Qxe2 Re8 33. Qf1
Qxf1+ 34. Rxf1 Re2 35. g3 Rxa2 36. Rf3 Rc2 37. h3 Be5 38. Rd3 b6 39. Kg1 Kf6
40. Rf3 Kg5 41. Kh1 h5 42. Kg1 a6 43. Kh1 b5 44. cxb5 axb5 45. Nb6 h4 46. gxh4+
Kxh4 47. Nd5 Rh2+ 48. Kg1 Rxh3 49. Kf2 Rh2+ 50. Ke3 Kg5 51. Nc7 b4 52. Nd5 Rh4
53. Rf1 Rh3+ 54. Rf3 Rxf3+ 55. Kxf3 Kxf5 56. Nxb4 g5 57. Nd3 g4+ 58. Ke3 d5 59.
Ne1 Bc7 60. Kd4 0-1

[Event "World Senior 50+ 2019"]
[Site "Bucharest ROU"]
[Date "2019.11.23"]
[Round "11.18"]
[White "Buzbuchi, I."]
[Black "Chan Peng Kong"]
[Result "1/2-1/2"]
[WhiteElo "2315"]
[BlackElo "2123"]
[PlyCount "24"]
[EventDate "2019.11.12"]
[EventType "swiss"]
[EventRounds "11"]
[EventCountry "ROU"]
[SourceTitle "OM OTB B 201907"]
[Source "Opening Master"]
[SourceDate "2019.07.06"]
[SourceVersion "2"]
[SourceVersionDate "2019.07.06"]
[SourceQuality "1"]

1. e4 c5 2. Nf3 Nc6 3. d4 cxd4 4. Nxd4 Nf6 5. Nc3 d6 6. Be2 e5 7. Nb3 Be7 8.
O-O O-O 9. Be3 Be6 10. Bf3 a5 11. Qd2 a4 12. Nc1 a3 1/2-1/2

[Event "ch-PHI 2019"]
[Site "Quezon City PHI"]
[Date "2019.11.23"]
[Round "6"]
[White "Quizon, Daniel"]
[Black "Docena, Jerad"]
[Result "1/2-1/2"]
[WhiteElo "2337"]
[BlackElo "2420"]
[PlyCount "72"]
[EventDate "2019.11.20"]
[EventType "tourn"]
[EventRounds "11"]
[EventCountry "PHI"]
[EventCategory "6"]
[SourceTitle "OM OTB B 201907"]
[Source "Opening Master"]
[SourceDate "2019.07.06"]
[SourceVersion "2"]
[SourceVersionDate "2019.07.06"]
[SourceQuality "1"]

1. e4 c5 2. Nc3 Nc6 3. Nge2 Nf6 4. d4 cxd4 5. Nxd4 d6 6. Be2 e5 7. Nb3 Be7 8.
Bg5 Nxe4 9. Nxe4 Bxg5 10. Nxd6+ Ke7 11. Nxc8+ Rxc8 12. c3 Qxd1+ 13. Rxd1 Rhd8
14. O-O f5 15. Bb5 Rxd1 16. Rxd1 Rd8 17. Rxd8 Nxd8 18. Kf1 b6 19. Ke2 g6 20.
Bc4 Nb7 21. Bd5 Nd6 22. Nd2 Bf6 23. Nc4 Nxc4 24. Bxc4 h5 25. f3 h4 26. g4 hxg3
27. hxg3 g5 28. g4 fxg4 29. fxg4 Kd6 30. Kd3 e4+ 31. Kxe4 Be5 32. Be2 Bf4 33.
b4 Bd2 34. Kd4 a5 35. bxa5 bxa5 36. c4 Bb4 1/2-1/2

[Event "4th Mersin Open 2019"]
[Site "Mersin TUR"]
[Date "2019.11.19"]
[Round "6.11"]
[White "Akash, G."]
[Black "El Jawich, A."]
[Result "1-0"]
[WhiteElo "2456"]
[BlackElo "2280"]
[PlyCount "87"]
[EventDate "2019.11.16"]
[EventType "swiss"]
[EventRounds "9"]
[EventCountry "TUR"]
[SourceTitle "OM OTB B 201907"]
[Source "Opening Master"]
[SourceDate "2019.07.06"]
[SourceVersion "2"]
[SourceVersionDate "2019.07.06"]
[SourceQuality "1"]

1. e4 c5 2. Nf3 Nc6 3. d4 cxd4 4. Nxd4 Nf6 5. Nc3 d6 6. Be2 e5 7. Nf3 h6 8. O-O
Be7 9. Re1 O-O 10. h3 Be6 11. Bf1 Qa5 12. Bd2 Qd8 13. Bc1 Qa5 14. Bd2 Qd8 15.
Na4 Na5 16. b3 Bd7 17. Nc3 Rc8 18. Nb5 Nc6 19. c4 Be6 20. Nc3 Nh7 21. Nd5 f5
22. exf5 Bxf5 23. Bc3 Ng5 24. Nxe7+ Qxe7 25. Nxg5 Qxg5 26. Qxd6 Rcd8 27. Qc5
Bxh3 28. Qe3 Qxe3 29. Rxe3 Bf5 30. f3 Rfe8 31. Rae1 Kf7 32. b4 e4 33. fxe4 Be6
34. Rg3 g6 35. Bd3 Nd4 36. Rf1+ Kg7 37. e5 g5 38. Rf6 Bf7 39. Rd6 Ne6 40. Be4
Bg6 41. Bxb7 Nf4 42. Re3 Kh7 43. Rxd8 Rxd8 44. e6 1-0

[Event "World Senior 65+ 2019"]
[Site "Bucharest ROU"]
[Date "2019.11.13"]
[Round "2.6"]
[White "Rix, Soren"]
[Black "Kristiansen, Jen"]
[Result "0-1"]
[WhiteElo "2113"]
[BlackElo "2411"]
[PlyCount "92"]
[EventDate "2019.11.12"]
[EventType "swiss"]
[EventRounds "9"]
[EventCountry "ROU"]
[SourceTitle "OM OTB B 201907"]
[Source "Opening Master"]
[SourceDate "2019.07.06"]
[SourceVersion "2"]
[SourceVersionDate "2019.07.06"]
[SourceQuality "1"]

1. e4 c5 2. Nc3 Nc6 3. Nge2 d6 4. d4 cxd4 5. Nxd4 Nf6 6. Be2 e5 7. Nb3 Be7 8.
Bg5 O-O 9. Bxf6 Bxf6 10. Nd2 Nd4 11. Bd3 Be6 12. Nc4 Bg5 13. O-O Rc8 14. Ne3
Bxe3 15. fxe3 Nc6 16. Nd5 Bxd5 17. exd5 Ne7 18. e4 Qb6+ 19. Kh1 Qxb2 20. Rb1
Qc3 21. Rxb7 Rc7 22. Qb1 Nc8 23. Qb4 Qxb4 24. Rxb4 Nb6 25. a4 Nd7 26. Rfb1 Nc5
27. Kg1 g6 28. a5 Kg7 29. a6 f5 30. exf5 gxf5 31. Rb8 Rxb8 32. Rxb8 e4 33. Be2
Kf6 34. Rf8+ Ke5 35. Bb5 f4 36. Kf2 Kxd5 37. Rxf4 Kd4 38. Ke1 Ke3 39. Rh4 Ne6
40. Rh3+ Kd4 41. Rh6 Re7 42. Kd2 e3+ 43. Kd1 d5 44. Bd3 Nf4 45. Rh4 Ke5 46.
Rxh7 e2+ 0-1

[Event "68th ch-Warsaw 2019"]
[Site "Warsaw POL"]
[Date "2019.11.12"]
[Round "1.14"]
[White "Korcz, D."]
[Black "Malec, S."]
[Result "0-1"]
[WhiteElo "1807"]
[BlackElo "2069"]
[PlyCount "101"]
[EventDate "2019.11.12"]
[EventType "swiss"]
[EventRounds "9"]
[EventCountry "POL"]
[SourceTitle "OM OTB B 201907"]
[Source "Opening Master"]
[SourceDate "2019.07.06"]
[SourceVersion "2"]
[SourceVersionDate "2019.07.06"]
[SourceQuality "1"]

1. e4 c5 2. Nf3 Nc6 3. d4 cxd4 4. Nxd4 Nf6 5. Nc3 d6 6. Be2 e5 7. Nb3 Be7 8.
O-O O-O 9. Be3 a5 10. a3 Be6 11. h3 a4 12. Nd2 Nd4 13. Bxd4 exd4 14. Nb5 Qb6
15. Nf3 Nxe4 16. Qxd4 Nc5 17. Rad1 Rfd8 18. Qb4 Bf6 19. Nfd4 d5 20. Bf3 Na6 21.
Qxa4 Nc5 22. Qb4 Ra4 23. Qd2 Bxd4 24. Nxd4 Qxb2 25. Nxe6 fxe6 26. Qg5 Qf6 27.
Qe3 Rc4 28. Qe2 Rc3 29. Rd2 Rxa3 30. c4 d4 31. Re1 Rc3 32. Bg4 Rd6 33. Ra1 Rd8
34. Re1 Kf7 35. Bh5+ g6 36. Bf3 d3 37. Qe3 Rxc4 38. Rb1 Qf4 39. Rb6 Rc1+ 40.
Rd1 Qxe3 41. fxe3 Rxd1+ 42. Bxd1 Ra8 43. Kf2 Ra2+ 44. Kf3 Rd2 45. Rb5 Rxd1 46.
Rxc5 Rf1+ 47. Ke4 d2 48. Rc7+ Ke8 49. Rxb7 d1=Q 50. Rb8+ Kd7 51. Rd8+ 0-1

[Event "195 No Engine Cup prel-05"]
[Site "corr LSS"]
[Date "2019.11.12"]
[Round "?"]
[White "Vogel, Helmut"]
[Black "Zmolil, Karel"]
[Result "1/2-1/2"]
[WhiteElo "1856"]
[BlackElo "1392"]
[PlyCount "48"]
[EventDate "2019.11.13"]
[SourceTitle "LSS to Dec2020"]
[Source "LSS ed TH"]
[SourceDate "2021.01.12"]
[SourceVersion "3"]
[SourceVersionDate "2021.01.12"]
[SourceQuality "1"]

1. e4 c5 2. Nf3 d6 3. d4 cxd4 4. Nxd4 Nc6 5. Nc3 Nf6 6. Be2 e5 7. Nf3 h6 8. h3
Be6 9. Be3 d5 10. exd5 Nxd5 11. Nxd5 Bxd5 12. O-O Be7 13. c3 O-O 14. Qc2 Qc7
15. c4 Be6 16. c5 Rac8 17. a3 Bf6 18. Rad1 Rfd8 19. b4 a6 20. Bc4 Qe7 21. Bxe6
Qxe6 22. Rxd8+ Rxd8 23. Rd1 Rxd1+ 24. Qxd1 Be7 1/2-1/2

[Event "45th SAIF POWERTEC ch-BAN"]
[Site "Dhaka BAN"]
[Date "2019.11.03"]
[Round "2.6"]
[White "Manon, Reja Neer"]
[Black "Mohammad Fahad, Rahman"]
[Result "0-1"]
[WhiteElo "2030"]
[BlackElo "2247"]
[PlyCount "50"]
[EventDate "2019.11.02"]
[EventType "swiss"]
[EventRounds "10"]
[EventCountry "BAN"]
[SourceTitle "OM OTB B 201907"]
[Source "Opening Master"]
[SourceDate "2019.07.06"]
[SourceVersion "2"]
[SourceVersionDate "2019.07.06"]
[SourceQuality "1"]

1. e4 c5 2. Nf3 d6 3. d4 cxd4 4. Nxd4 Nf6 5. Nc3 Nc6 6. Be2 e5 7. Nb3 h6 8. Be3
Be6 9. O-O Be7 10. Kh1 O-O 11. f4 exf4 12. Bxf4 d5 13. exd5 Nxd5 14. Nxd5 Bxd5
15. Bf3 Bc4 16. Re1 Bh4 17. g3 Bf6 18. Nc5 Bxb2 19. Rb1 Bc3 20. Nxb7 Qf6 21.
Nd6 Bxe1 22. Nxc4 Bb4 23. Qd7 Rac8 24. Bxc6 Rfd8 25. Qg4 Qxc6+ 0-1

[Event "4th Paytakht Cup 2019"]
[Site "Tehran IRI"]
[Date "2019.11.02"]
[Round "4.4"]
[White "Timofeev, Arty"]
[Black "Darini, P."]
[Result "1/2-1/2"]
[WhiteElo "2595"]
[BlackElo "2427"]
[PlyCount "99"]
[EventDate "2019.10.30"]
[EventType "swiss"]
[EventRounds "9"]
[EventCountry "IRI"]
[SourceTitle "OM OTB B 201907"]
[Source "Opening Master"]
[SourceDate "2019.07.06"]
[SourceVersion "2"]
[SourceVersionDate "2019.07.06"]
[SourceQuality "1"]

1. e4 c5 2. Nc3 Nc6 3. Nf3 d6 4. d4 cxd4 5. Nxd4 Nf6 6. Be2 e5 7. Nf3 Be7 8.
O-O O-O 9. Re1 h6 10. h3 a6 11. Nh2 Nd4 12. Ng4 Be6 13. Ne3 Nxe2+ 14. Qxe2 b5
15. a3 Rc8 16. Bd2 Qb6 17. Red1 Qb7 18. Qf3 a5 19. Ncd5 Nxd5 20. exd5 Bd7 21.
Nf5 Bxf5 22. Qxf5 Bd8 23. a4 b4 24. c3 bxc3 25. bxc3 Rc4 26. Qd3 Qc7 27. Rdb1
Bg5 28. Bxg5 hxg5 29. Qf5 g4 30. hxg4 Rxc3 31. g5 Qc5 32. Rb5 Rc1+ 33. Rxc1
Qxc1+ 34. Kh2 g6 35. Qf6 Qc4 36. g3 Qxa4 37. Rb6 Qd4 38. Rxd6 a4 39. Ra6 Qxd5
40. Rxa4 e4 41. Rd4 Qa8 42. Rd7 e3 43. fxe3 Qa2+ 44. Kh3 Qe2 45. Re7 Qh5+ 46.
Kg2 Qe2+ 47. Qf2 Qb5 48. Qf6 Qe2+ 49. Qf2 Qb5 50. Qf6 1/2-1/2

[Event "22nd European Teams Women"]
[Site "Batumi GEO"]
[Date "2019.10.31"]
[Round "7.13"]
[White "Repkova, E."]
[Black "Cramling, P."]
[Result "0-1"]
[WhiteElo "2315"]
[BlackElo "2462"]
[PlyCount "104"]
[EventDate "2019.10.24"]
[EventType "team"]
[EventRounds "9"]
[EventCountry "GEO"]
[SourceTitle "OM OTB B 201907"]
[Source "Opening Master"]
[SourceDate "2019.07.06"]
[SourceVersion "2"]
[SourceVersionDate "2019.07.06"]
[SourceQuality "1"]
[WhiteTeam "Slovakia"]
[BlackTeam "Sweden"]
[WhiteTeamCountry "SVK"]
[BlackTeamCountry "SWE"]

1. e4 c5 2. Nf3 d6 3. d4 cxd4 4. Nxd4 Nf6 5. Nc3 Nc6 6. Be2 e5 7. Nb3 Be7 8.
O-O O-O 9. Be3 Be6 10. Bf3 Na5 11. Nxa5 Qxa5 12. Qd2 Qc7 13. Rfd1 Rfd8 14. Rac1
b6 15. Nb5 Qb7 16. c4 a6 17. Nc3 Bxc4 18. Na4 Bxa2 19. Nxb6 Rab8 20. Qa5 Be6
21. Rd2 Nd7 22. Nd5 Bxd5 23. exd5 Re8 24. Be2 Bd8 25. Qxa6 Qxa6 26. Bxa6 Bb6
27. Rc6 Bxe3 28. fxe3 Nc5 29. Be2 Red8 30. Bf3 g6 31. Kf2 Rd7 32. g3 Kf8 33.
Ke2 Ke7 34. Kd1 Rb3 35. Be2 Rdb7 36. Ba6 Ra7 37. Bc4 Rxe3 38. Kc2 Rb7 39. Rf2
Nb3 40. Bxb3 Rexb3 41. Rc7+ Rxc7+ 42. Kxb3 Rc5 43. Rd2 f5 44. Ka4 g5 45. b4 Rc1
46. Ka5 e4 47. Re2 h5 48. b5 Rb1 49. b6 Kf6 50. Ka6 Ke5 51. b7 f4 52. gxf4+
gxf4 0-1

[Event "10th Hradec Kralove Open"]
[Site "Hradec Kralove CZE"]
[Date "2019.10.29"]
[Round "4.19"]
[White "Pawicka, Magdalena"]
[Black "Solc, Filip"]
[Result "0-1"]
[WhiteElo "1745"]
[BlackElo "2061"]
[PlyCount "92"]
[EventDate "2019.10.26"]
[EventType "swiss"]
[EventRounds "9"]
[EventCountry "CZE"]
[SourceTitle "OM OTB B 201907"]
[Source "Opening Master"]
[SourceDate "2019.07.06"]
[SourceVersion "2"]
[SourceVersionDate "2019.07.06"]
[SourceQuality "1"]

1. e4 c5 2. Nf3 d6 3. d4 cxd4 4. Nxd4 Nf6 5. Nc3 Nc6 6. Be2 e5 7. Nf3 Be7 8.
O-O h6 9. Re1 Be6 10. Bf1 O-O 11. h3 Rc8 12. Nd5 Ne8 13. c4 f5 14. exf5 Rxf5
15. Bd3 Rf8 16. Nf4 Bd7 17. Ng6 Rf6 18. c5 d5 19. Ngxe5 Bxc5 20. Nxd7 Qxd7 21.
Be3 d4 22. Bb5 Rd8 23. Bxc6 bxc6 24. Nxd4 Qf7 25. Qe2 Nc7 26. Nb3 Bxe3 27. Qxe3
Nd5 28. Qd2 Rg6 29. Re3 Rxg2+ 30. Kxg2 Nf4+ 31. Kh2 Rxd2 32. Nxd2 Qg6 33. Rg1
Qc2 34. Re7 g5 35. Ne4 Kf8 36. Re5 Ng6 37. Rf5+ Kg7 38. Ng3 Nh4 39. Nh5+ Kg6
40. Rf6+ Kxh5 41. Rg3 Qxb2 42. Rf8 Ng6 43. Rf7 Nf4 44. Kg1 Qb1+ 45. Kh2 Qxa2
46. Rf3 Qxf7 0-1

[Event "22nd European Teams"]
[Site "Batumi GEO"]
[Date "2019.10.28"]
[Round "5.8"]
[White "Vallejo Pons, F."]
[Black "Edouard, R."]
[Result "1/2-1/2"]
[WhiteElo "2694"]
[BlackElo "2641"]
[PlyCount "61"]
[EventDate "2019.10.24"]
[EventType "team"]
[EventRounds "9"]
[EventCountry "GEO"]
[SourceTitle "OM OTB B 201907"]
[Source "Opening Master"]
[SourceDate "2019.07.06"]
[SourceVersion "2"]
[SourceVersionDate "2019.07.06"]
[SourceQuality "1"]
[WhiteTeam "Spain"]
[BlackTeam "France"]
[WhiteTeamCountry "ESP"]
[BlackTeamCountry "FRA"]

1. e4 c5 2. Nf3 d6 3. d4 cxd4 4. Nxd4 Nf6 5. Nc3 Nc6 6. Be2 e5 7. Nb3 Be7 8.
O-O O-O 9. Re1 Be6 10. Bf3 a5 11. Be3 a4 12. Nc1 a3 13. b3 Nb4 14. Nd3 d5 15.
exd5 Nfxd5 16. Nxd5 Bxd5 17. Nxb4 Bxf3 18. Qxf3 Bxb4 19. Red1 Qc7 20. c4 Rad8
21. g4 Bc3 22. Rxd8 Rxd8 23. Rd1 Rxd1+ 24. Qxd1 Bd4 25. Qf3 Bxe3 26. Qxe3 Qd7
27. h3 h5 28. gxh5 Qd1+ 29. Kg2 Qxh5 30. Qe4 Qg5+ 31. Qg4 1/2-1/2

[Event "TCh-CZE 1 Liga Vychod"]
[Site "Czech Republic CZE"]
[Date "2019.10.20"]
[Round "1.4"]
[White "Jasny, S."]
[Black "Fiedorek, Michal"]
[Result "1-0"]
[WhiteElo "2326"]
[BlackElo "2343"]
[PlyCount "87"]
[EventDate "2019.10.20"]
[EventType "team"]
[EventRounds "11"]
[EventCountry "CZE"]
[SourceTitle "OM OTB B 201907"]
[Source "Opening Master"]
[SourceDate "2019.07.06"]
[SourceVersion "2"]
[SourceVersionDate "2019.07.06"]
[SourceQuality "1"]
[WhiteTeam "BSS Frydek-Mistek B"]
[BlackTeam "Panda Rychnov n. K"]

1. e4 c5 2. Nf3 Nc6 3. d4 cxd4 4. Nxd4 Nf6 5. Nc3 d6 6. Be2 e5 7. Nf3 h6 8. O-O
Be7 9. b3 O-O 10. Bb2 Be6 11. Nd2 d5 12. exd5 Nxd5 13. Nxd5 Bxd5 14. Nc4 e4 15.
Ne3 Be6 16. Bc4 Bxc4 17. Nxc4 Qxd1 18. Rfxd1 Rad8 19. Ne3 Rfe8 20. Kf1 Bc5 21.
Nf5 Bf8 22. Ne3 Bc5 23. Nf5 Bf8 24. Nd4 Ne5 25. Nb5 Ng4 26. Rxd8 Rxd8 27. h3
Nf6 28. Ke2 a6 29. Nd4 Nd5 30. g3 g6 31. a3 Bg7 32. Rd1 Re8 33. c4 Nb6 34. Bc1
a5 35. Nb5 a4 36. c5 Re5 37. Rd8+ Kh7 38. b4 Nc4 39. Rd7 e3 40. Bxe3 Re8 41.
Rxf7 Kg8 42. Rxb7 Bb2 43. c6 Nxa3 44. Nxa3 1-0

[Event "37th World Junior Girls"]
[Site "New Delhi IND"]
[Date "2019.10.16"]
[Round "2.10"]
[White "Rakshitta, Ravi"]
[Black "Afraoui, Anaelle"]
[Result "1-0"]
[WhiteElo "2310"]
[BlackElo "2106"]
[PlyCount "77"]
[EventDate "2019.10.15"]
[EventType "swiss"]
[EventRounds "11"]
[EventCountry "IND"]
[SourceTitle "OM OTB B 201907"]
[Source "Opening Master"]
[SourceDate "2019.07.06"]
[SourceVersion "2"]
[SourceVersionDate "2019.07.06"]
[SourceQuality "1"]

1. e4 c5 2. Nf3 d6 3. Nc3 Nc6 4. d4 cxd4 5. Nxd4 Nf6 6. Be2 e5 7. Nf3 h6 8. O-O
Be7 9. Re1 O-O 10. h3 Be6 11. Bf1 Rc8 12. Nd5 Bxd5 13. exd5 Nb4 14. c4 a5 15.
a3 Na6 16. Rb1 Nh7 17. b4 axb4 18. axb4 Ng5 19. Nxg5 Bxg5 20. Ba3 Qd7 21. c5
Nc7 22. c6 bxc6 23. dxc6 Qxc6 24. b5 Qc3 25. Bb4 Qd4 26. Bxd6 Rfd8 27. Bxe5 Qb6
28. Qg4 Ne6 29. h4 Bd2 30. Red1 Qc5 31. Ba1 h5 32. Qe4 Ba5 33. Qe5 Qxe5 34.
Bxe5 Rxd1 35. Rxd1 Rc5 36. Ra1 Bb6 37. Ra8+ Bd8 38. b6 Rxe5 39. b7 1-0